000
00340pab a2200145 454500
008
180718b1989 xxu||||| |||| 00| 0 eng d
100
_a
Dua, M.R.
245
_a
Media's role in national literacy mission
260
_c
1989
300
_a
12-16
362
_a
Mar.-Apr.
650
_a
Illiteracy - India
773
_a
Vidura
909
_a
10774
999
_c
10774
_d
10774